000 00962nam a22002057a 4500
999 _c4692
_d4692
003 OSt
005 20250310092305.0
008 250310b ||||| |||| 00| 0 eng d
020 _a9780435913571
040 _cKH8
082 _a823 HEA
100 _aHead, Bessie,
_eauthor.
245 _aWhen Rain Clouds Gather /
_cBessie Head.
260 _aEngland ;
_bHeinemann ,
_c2008.
300 _aviii, 199 pages :
_c20 cm.
490 _aAfrican Writers Series
520 _aIn the heart of rural Botswana, the poverty stricken village of Golema Mmidi is a haven to exiles from far and wide. A South African political refugee and an Englishman join forces to revolutionise the villagers traditional farming methods, but their task is fraught with hazards as the pressures of tradition, opposition from the local chief and the unrelenting climate threaten to divide and devastate the fragile community.
700 _aGray, Stephen,
_eintroduction.
942 _2ddc
_cNFIC